Top 10 Most Popular NCS Glitch Hop Songs - Statistics

General Stats
  • This quiz has been taken 16 times
    12 since last reset
  • The average score is 9 of 10
Answer Stats
Creator Title Views % Correct
DEAF KEV Invincible 284M
100%
DEAF KEV Invincible pt. II 4,5M
100%
JJD Adventure 53M
90%
Kontinuum, Savoi Lost (JJD Remix) 8,9M
90%
Rob Gasser Ricochet 8,1M
90%
Halvorsen She Got Me Like 7,6M
90%
Chime, Adam Tell Whole (Rob Gasser Remix) 16M
90%
Different Heaven Nekozilla (LFZ Remix) 14M
80%
Different Heaven Far Away (Phantom Sage Remix) 6,5M
70%
Halvorsen Wouldn't Change It 4,6M
60%
No matching quizzes found
Score Distribution
Percent of People with Each Score
Percentile by Number Answered
Your Score History
You have not taken this quiz since the last reset